000
00292nam a22001217a 4500
008
181019b xxu||||| |||| 00| 0 eng d
041
_a
eng
080
_a
159.9
100
_a
48
101
_a
PSI
245
_a
Concept Learning: An Information Processing Problem
_c
Hunt,E.B
942
_2
udc
_c
BK
999
_c
50188
_d
50188